Normal view
MARC view
- Elasticity
Entry Topical Term
001 - CONTROL NUMBER
- control field: 84135
003 - CONTROL NUMBER IDENTIFIER
- control field: NUST
005 - DATE AND TIME OF LATEST TRANSACTION
- control field: 20211115110622.0
008 - FIXED-LENGTH DATA ELEMENTS
- fixed length control field: 211115|| aca||aabn | a|a d
040 ## - CATALOGING SOURCE
- Original cataloging agency: NUST
- Transcribing agency: NUST
150 ## - HEADING--TOPICAL TERM
- Topical term or geographic name entry element: Elasticity
670 ## - SOURCE DATA FOUND
- Source citation: Work cat.: (NUST)586753: Shames, Irving H 84133, Elastic and Inelastic Stress Analysis, 1997.
